000 00383 a2200097 4500
245 0 0 _aTransformatory. Metody badań - Próba wytrzymałości elektrycznej napięciem udarowym łączeniowym PN-85/E-04070.14 /
_cInstytut Energetyki.
246 1 3 _aPN-85/E-04070.14
246 1 3 _a621.314.21;621.317.3.027.3
260 _aWarszawa :
_bInstytut Energetyki,
_c1985.
300 _a4 stron ;
_c30 cm.
650 _aPolska norma
999 _c19811
_d19811